| 000 | 00898nam a2200229Ii 4500 | ||
|---|---|---|---|
| 003 | JO-AjNU | ||
| 008 | 230605s9999||||xx |||||||||||||| ||und|| | ||
| 017 | _a2004/9/2221 | ||
| 040 |
_aJO-AjNU _bara _erda _cJO-AjNU |
||
| 041 | _aara | ||
| 050 | 1 | 4 | _aDS247.B27.A5598 2004 |
| 100 | 3 |
_aالعنابي، زهر, _eauthor _917055 |
|
| 245 | 0 | 0 | _aجلالة الملك حمد آل خليفة في بنية الأنموذج البحريني |
| 250 | _aط1 | ||
| 264 | 3 | 1 | _aاربد: الرومانتيك للابحاث والدراسات، 2004 |
| 300 | _a334ص | ||
| 336 |
_atext _btxt _2rdacontent |
||
| 337 |
_aunmediated _bn _2rdamedia |
||
| 338 |
_avolume _bnc _2rdacarrier |
||
| 490 | 0 | _aسلسلة مفهوم الزعامة في الخطاب العربي- دراسات اكاديمية وزارية | |
| 650 | 4 |
_aعهد حمد بن خليفة 1932-1942-ملك البحرين -تاريخ _917056 |
|
| 999 |
_aA5188 _c8756 _d8756 |
||